| 000 | 00644nam a2200205Ia 4500 | ||
|---|---|---|---|
| 999 |
_c41202 _d41202 |
||
| 001 | 7854 | ||
| 003 | GE_BSU | ||
| 005 | 20221116110058.0 | ||
| 008 | 181216s2008ge xx |||||||||||||| ||ger|| | ||
| 020 | _a9783191217518 x | ||
| 040 | _cGE_BSU | ||
| 041 | _ager | ||
| 080 | _a811.112.2)(072) F-75 | ||
| 245 |
_aFortbildung für kursleitende deutsch als zweitprache. 3 : _bBand 3. Unterrichtsplanung und-durchführung |
||
| 264 |
_aGermany : _bHueber-Verlag, _c2008. |
||
| 300 |
_a265 p. : _b Ill; _c29 cm. |
||
| 653 | _aFortbildung für kursleitende deutsch als zweitprache | ||
| 653 | _aგერმანული ენა | ||
| 942 |
_cBK _2udc |
||